000 00818 a2200157 4500
003 NUST
005 20230222134054.0
008 230222b ||||| |||| 00| 0 eng d
082 _a954.904,WIL
100 _aWilians, L F R
_9109496
245 _aThe State of Pakistan /
_cL. F. Rushbrook Williams
260 _aLondon
_bFaber and Faber
_c1962
300 _a254p.
505 _aWhy Pakistan Emerged (Page-15), Fighting for life (Page-31), The North West Frontier (Page-62), Tragedy in Kashmir (Page-80), Parting of the way (Page-97), Infirmity of purpose (Page-126), Chasing a constitution (Page-135), Political record (Page-145), Some economic foundations (Page-155), Revolution and renaissance (Page-179), Bases of Democracy (Page-199), An end and a beginning (Page-231).
942 _aNUST-CAE
_cBK
_2ddc
_k954.904,WIL
999 _c360034
_d360034